| 000 | 01084nam a2200193 a 4500 | ||
|---|---|---|---|
| 001 | 000003866 | ||
| 005 | 20250211094043.0 | ||
| 008 | 090714s2002 dr ac 000 1 spa d | ||
| 040 |
_aDO-SdBNP _bspa _cBNPHU |
||
| 082 |
_axxxx _bxxxx |
||
| 245 | 0 | 0 |
_aSeguiremos descentralizando : _bexperiencia del Programa de Apoyo Inmediato a la reforma del Estado PAIRE. |
| 260 |
_aSanto Domingo : _bCONARE, _c2002. |
||
| 300 |
_a157 p. : _bil., retrs. ; _c23 cm. |
||
| 500 | _aIncluye notas sobre el siguimiento del foro provincial al pie de las páginas | ||
| 500 | _aIncluye anexo p. 133-152 | ||
| 505 | 0 | _aIntroducción -- Síntesis de la experiencia del PAIRE -- Consulta de la sociedad civil sobre el proceso de descentralización del Estado dominicano -- Historia gráfica del PAIRE -- Fortalecimiento institucional de FEDOMU y de los ayuntamientos -- La comunicación en el PAIRE -- El PAIRE en el Cibao Central -- Conclusiones generales de la sistematización de la experiencia del PAIRE. | |
| 710 | 1 | 2 |
_aRepública Dominicana. Consejo Nacional de Reforma del Estado _964396 |
| 049 | _aBNPD | ||
| 999 |
_c3688 _d3688 |
||